Handling tenant's applications for approval to alterations (Record no. 94363)

MARC details
000 -LEADER
fixed length control field 01017cam a2200277 4500
008 - FIXED-LENGTH DATA ELEMENTS--GENERAL INFORMATION
fixed length control field 090401t1995 xxu||||| |||| 00| 0 eng d
020 ## - INTERNATIONAL STANDARD BOOK NUMBER
International Standard Book Number 0854066934
035 ## - SYSTEM CONTROL NUMBER
System control number (Sirsi) u61983
041 0# - LANGUAGE CODE
Language code of text/sound track or separate title eng
050 04 - LIBRARY OF CONGRESS CALL NUMBER
Classification number 346.4104343 $2 18
090 ## - LOCALLY ASSIGNED LC-TYPE CALL NUMBER (OCLC); LOCAL CALL NUMBER (RLIN)
Classification number (OCLC) (R) ; Classification number, CALL (RLIN) (NR) RICS 1995/77ABCD
110 2# - MAIN ENTRY--CORPORATE NAME
Corporate name or jurisdiction name as entry element Royal Institution of Chartered Surveyors
Subordinate unit Commercial Property Management Skills Panel
9 (RLIN) 4496
245 00 - TITLE STATEMENT
Title Handling tenant's applications for approval to alterations
260 ## - PUBLICATION, DISTRIBUTION, ETC.
Place of publication, distribution, etc. London
Name of publisher, distributor, etc. RICS
Date of publication, distribution, etc. 1995
300 ## - PHYSICAL DESCRIPTION
Extent 17p.
Dimensions 30cm.
350 ## - PRICE (NR) (BK AM CF MU VM SE) [OBSOLETE]
Price 6.50
490 #0 - SERIES STATEMENT
Series statement RICS Guidance Note
490 #0 - SERIES STATEMENT
Series statement RICS Conditions of Engagement
520 ## - SUMMARY, ETC.
Summary, etc. Outlines best practice procedures and includes a model agreement for when a tenant applies for consent to make alterations to a leased property.
520 ## - SUMMARY, ETC.
Summary, etc. Under review 1 August 2006.
651 #4 - SUBJECT ADDED ENTRY--GEOGRAPHIC NAME
Geographic name England and Wales
Chronological subdivision 1543-
690 ## - LOCAL SUBJECT ADDED ENTRY--TOPICAL TERM (OCLC, RLIN)
Topical term or geographic name as entry element PROPERTY-COMMERCIAL PROPERTY-LEASEHOLD COMMERCIAL PROPERTY-COMMERCIAL LANDLORD AND TENANT
942 ## - ADDED ENTRY ELEMENTS (KOHA)
Suppress in OPAC 0
948 ## - LOCAL PROCESSING INFORMATION (OCLC); SERIES PART DESIGNATOR (RLIN)
c (OCLC) 04/03/1997
Holdings
Withdrawn status Lost status Source of classification or shelving scheme Damaged status Not for loan Home library Current library Shelving location Date acquired Cost, normal purchase price Total Checkouts Full call number Barcode Date last seen Copy number Cost, replacement price Price effective from Koha item type Date last checked out
    Dewey Decimal Classification     London London RICS Boxes 06/10/1995 6.50   RICS 1995/77 30049129 06/08/2019 1 6.50 06/08/2019 Archive  
    Dewey Decimal Classification     London London RICS Boxes 06/10/1995 6.50   RICS 1995/77 30049130 06/08/2019 2 6.50 06/08/2019 Reference material  
    Dewey Decimal Classification     London London RICS Boxes 06/10/1995 6.50 6 RICS 1995/77 30049132 06/08/2019 3 6.50 06/08/2019 Book 28/01/2009